La Sociología de la ciencia como una teoría sociológica determinada /

Sparad:
Bibliografiska uppgifter
Huvudupphovsman: Yahiel, Nico
Materialtyp: Text
Ämnen:
Taggar: Lägg till en tagg
Inga taggar, Lägg till första taggen!

MARC

LEADER 00000 a a2200000 04500
001 44142
003
040
100 |a Yahiel, Nico  
245 |a La Sociología de la ciencia como una teoría sociológica determinada /  |c Nico Yahiel  
650 |a POLITICA CIENTIFICA  
650 |a SOCIOLOGIA  
650 |a SOCIEDAD  
650 |a CIENCIA  
773 |g volumen37, número1 (1975), páginas 55-80  
999 |c 23172  |d 23172